| 000 | 01445nam a22002897a 4500 | ||
|---|---|---|---|
| 003 | PE SENCICO BE | ||
| 005 | 20251020182621.0 | ||
| 008 | 221207b |||||||| |||| 00| 0 eng d | ||
| 020 | _a978-612-304-311-7 | ||
| 040 |
_aPE SENCICO BE _cPE SENCICO BE |
||
| 041 | _aspa | ||
| 082 |
_a001.42 _bV26 |
||
| 100 | 1 |
_9203 _aVara Horna, Alfredo Arístides _eautor |
|
| 245 | 1 |
_a7 pasos para elaborar una tesis / _cAlfredo Arístides Vara Horna |
|
| 246 | _aSiete pasos para elaborar una tesis | ||
| 250 | _a1a ed. | ||
| 260 |
_aLima: _bMacro, _c2015 |
||
| 300 |
_a[19], 591 p.: _bil., diagrs.; _c25 cm. |
||
| 500 | 0 | _aEn la cubierta: "Cómo elaborar y asesorar una tesis para ciencias administrativas, finanzas, ciencias sociales y humanidades, + 120 casos prácticos. Una guía efectiva desde la idea inicial hasta la sustentación". | |
| 504 | _aBibliografía: p. [575] | ||
| 505 | 0 | _aPaso 0: Por qué hacer una Tesis. Paso 1: Eligiendo el tema de tesis. Paso 2: Elaborando la fundamentación teórica. Paso 3: Planteando el problema de investigación. Paso 4: Diseñando el método de investigación. Paso 5: Presentando los resultados y la discusión. Paso 6: Haciendo el informe final de tesis. Paso 7: Sustentando la tesis. | |
| 650 | 1 | 0 |
_9204 _aTesis y disertaciones académicas |
| 650 | 2 | 0 |
_9261 _aInvestigación científica |
| 910 |
_bhfp _chfp |
||
| 942 |
_2ddc _cLIB _h001.42 _iV26 |
||
| 999 |
_c3668 _d3668 |
||